Twitter jako významný nástroj komunikace
Twitter ako marketingový prostriedok popri iných sociálnych sieťach ako Facebook či Instragram. Postavenie Twitteru v marketingovom mixe v Českej republike. Výhody Twitteru oproti ostatným sociálnym sieťam. Používanie Twitteru v praxi na príklade firmy Alza (Alza.cz).
Saved in:
| Main Author: | |
|---|---|
| Format: | Book Chapter |
| Language: | Czech |
| Subjects: | |
| Tags: |
No Tags, Be the first to tag this record!
|
MARC
| LEADER | 00000naa a2200000 4500 | ||
|---|---|---|---|
| 001 | 0273291 | ||
| 005 | 20210427202343.5 | ||
| 041 | 0 | |a cze | |
| 044 | |a CZ | ||
| 245 | 1 | 0 | |a Twitter jako významný nástroj komunikace |c Jan Synek |
| 520 | |a Twitter ako marketingový prostriedok popri iných sociálnych sieťach ako Facebook či Instragram. Postavenie Twitteru v marketingovom mixe v Českej republike. Výhody Twitteru oproti ostatným sociálnym sieťam. Používanie Twitteru v praxi na príklade firmy Alza (Alza.cz). | ||
| 610 | 2 | 0 | |a siete sociálne |
| 610 | 2 | 0 | |a komunikácia marketingová |
| 610 | 2 | 0 | |a mix komunikačný |
| 610 | 2 | 0 | |a marketing elektronický |
| 610 | 2 | 0 | |a prostredie virtuálne |
| 610 | 2 | 0 | |a nástroje marketingové |
| 610 | 2 | 0 | |a vzťahy so zákazníkmi |
| 610 | 2 | 0 | |a Česko |
| 100 | 1 | |a Synek, Jan | |